ბათუმის შოთა რუსთაველის სახელმწიფო უნივერსიტეტის ბიბლიოთეკა

Социальная педагогическая Психология. (ბიბ.ჩანაწერი № 35169)

000 -LEADER
fixed length control field 00755nam a2200253Ia 4500
001 - CONTROL NUMBER
control field 1013
003 - CONTROL NUMBER IDENTIFIER
control field GE_BSU
008 - FIXED-LENGTH DATA ELEMENTS--GENERAL INFORMATION
fixed length control field 181216s||||||||xx |||||||||||||| ||und||
020 ## - INTERNATIONAL STANDARD BOOK NUMBER
International Standard Book Number 5887824247
040 ## - CATALOGING SOURCE
Transcribing agency GE_BSU
080 ## - UNIVERSAL DECIMAL CLASSIFICATION NUMBER
Universal Decimal Classification number 159.9(075.8):37.01(075.8)
100 ## - MAIN ENTRY--PERSONAL NAME
Personal name Реан,А.А;Коломинский,Я.Л;
245 ## - TITLE STATEMENT
Title Социальная педагогическая Психология.
245 ## - TITLE STATEMENT
Remainder of title Учебное пособие для студентов.
260 ## - PUBLICATION, DISTRIBUTION, ETC.
Place of publication, distribution, etc. Москва
260 ## - PUBLICATION, DISTRIBUTION, ETC.
Name of publisher, distributor, etc. Питер
260 ## - PUBLICATION, DISTRIBUTION, ETC.
Date of publication, distribution, etc. 1999
300 ## - PHYSICAL DESCRIPTION
Extent 414 с.
653 ## - INDEX TERM--UNCONTROLLED
Uncontrolled term Педагогическая Психологоия
653 ## - INDEX TERM--UNCONTROLLED
Uncontrolled term Психология
653 ## - INDEX TERM--UNCONTROLLED
Uncontrolled term ფსიქოლოგია
942 ## - ADDED ENTRY ELEMENTS (KOHA)
Koha item type წიგნი
ეგზემპლარები
Withdrawn status Lost status Damaged status Not for loan Date acquired Barcode Date last seen Price effective from Koha item type
        2018-12-17 1195 2018-12-17 2018-12-17 წიგნი